Catálogo
 En Linea

Los restos de Cristóbal Colón y el nicho que en la Iglesia Catedral de La Habana los guardaba / (Registro nro. 30993)

Detalles MARC
000 -CABECERA
campo de control de longitud fija 00687nam a2200169 a 4500
001 - NÚMERO DE CONTROL
campo de control 000031501
005 - FECHA Y HORA DE LA ÚLTIMA TRANSACCIÓN
campo de control 20200930062956.0
008 - DATOS DE LONGITUD FIJA--INFORMACIÓN GENERAL
campo de control de longitud fija 110627s1925 cu 000 0 spa d
040 ## - FUENTE DE LA CATALOGACIÓN
Centro catalogador/agencia de origen DO-SdBNP
Lengua de catalogación spa
Centro/agencia transcriptor BNPHU
082 ## - NÚMERO DE LA CLASIFICACIÓN DECIMAL DEWEY
Número de clasificación xxx
Número de documento/Ítem V215
049 ## - FONDOS LOCALES (OCLC)
Fondos de biblioteca BNPD
100 1# - ENTRADA PRINCIPAL--NOMBRE DE PERSONA
Nombre de persona Valverde, Antonio L.
9 (RLIN) 57884
245 14 - MENCIÓN DE TÍTULO
Título Los restos de Cristóbal Colón y el nicho que en la Iglesia Catedral de La Habana los guardaba /
Mención de responsabilidad, etc. Antonio L. Valverde.
260 ## - PUBLICACIÓN, DISTRIBUCIÓN, ETC.
Lugar de publicación, distribución, etc. La Habana :
Nombre del editor, distribuidor, etc. Academia de la Historia,
Fecha de publicación, distribución, etc. 1925.
300 ## - DESCRIPCIÓN FÍSICA
Extensión 56 p. ;
Dimensiones 26 cm.
500 ## - NOTA GENERAL
Nota general Informe presentado a la Academia de la Historia y aprobado en sesión celebrada el 22 de noviembre de 1924, sobre la supuesta sustracción de esos restos.
Existencias
Estado de retiro Estado de pérdida Restricciones de uso No para préstamo Código de colección Localización permanente Ubicación/localización actual Ubicación en estantería Fecha de adquisición Número de inventario Total de préstamos Signatura topográfica completa Código de barras Fecha visto por última vez Precio válido a partir de Tipo de ítem Koha
        Monografías: Libros y Folletos Patrimonio Dominicano Patrimonio Dominicano Orden iniciada 27.06.2011 LF1   xxx V215 31501-10 25.06.2020 25.06.2020 No se presta

Con tecnología Koha